000 00369 a2200157 4500
003 Nust
005 20230310120212.0
040 _cNust
082 _a297.72,ZAA
100 _a Kaif zaa
_9110142
245 _aIslami Janghen /
_cKaif Zaa
260 _aLahore
_bMuktiba Quresh
300 _a320:p
650 _aIslamic War (Urdu)
_9110143
942 _2ddc
_cBK
_k297.72,ZAA
999 _c187934
_d187934